00831nam a2200217 i 4500001000700000003000900007005001700016007000300033008004100036080002000077100002500097245011800122260005000240300003000290600003300320650004500353650004200398852003200440999001900472952012200491115638ES-MaACL20250902063342.0t|070419s1963 sp ||||1| spa d a347.725(46)"19"1 aNgo Ba Thanh.98552213aLa sociedad anónima familiar ante la ley española de 1951 / cpor Ngo Ba Thanh ; prólogo Antonio Polo Diez. aBarcelona : bEdit. Hispano-Europea, c[1963] aXXXIII, 265 p. ; c21 cm.14aPolo Díez, Antonio.99287614aSociedades anónimas-zEspaña.91718314aEmpresas familiares-zEspaña912230 aES-MaACLjC-24640 bR.52863 c115638d115638 00104070aATENEOMbATENEOMcDEPO2d2008-01-17eSCl0oC-24640p1120590r2023-02-23 00:00:00w2023-02-23yMONOGRAFIA